| 000 | 00621nam a2200205Ia 4500 | ||
|---|---|---|---|
| 005 | 20250508150816.0 | ||
| 008 | 008 250505s9999 xx 000 0 eng d | ||
| 037 | _aTextual | ||
| 040 |
_aFEDL _beng _cFEDL |
||
| 041 |
_aeng _2eng |
||
| 084 |
_a150.195, GLO _qFEDL |
||
| 100 |
_aGlover Edward _990397 |
||
| 245 | 0 | _aPsycho - analysis: A handbook for medical practitioners and students of comparative psychology | |
| 260 |
_aNew York, USA _bStaples Press Limited _c1949 |
||
| 300 | _a367p | ||
| 365 |
_aINR _b12 |
||
| 650 | _aPsychology | ||
| 942 |
_cTEXL _h150.195, GLO |
||
| 999 |
_c1325793 _d1325793 |
||